15000 địa chỉ internet : Mới nhất hiện nay

Cuốn sách cung cấp một số lượng lớn địa chỉ internet trong 85 lĩnh vực của đời sống xã hội như: Bưu điện, dịch vụ y tế, giáo dục, làm đẹp, bất động sản, xây dựng, kinh doanh... Bên cạnh đó, các trang web được tóm tắt nội dung chủ đạo và g...

ver descrição completa

Na minha lista:
Detalhes bibliográficos
Autor principal: Hoàng Quang
Formato: Livro
Idioma:Undetermined
Publicado em: Thanh Hoá Văn hoá - Thông tin 2007
Assuntos:
Tags: Adicionar Tag
Sem tags, seja o primeiro a adicionar uma tag!
Thư viện lưu trữ: Trung tâm Học liệu Trường Đại học Cần Thơ
LEADER 01104nam a2200217Ia 4500
001 CTU_150920
008 210402s9999 xx 000 0 und d
020 |c 90000 
082 |a 005.3 
082 |b Qu106 
100 |a Hoàng Quang 
245 0 |a 15000 địa chỉ internet : 
245 0 |b Mới nhất hiện nay 
245 0 |c Hoàng Quang 
260 |a Thanh Hoá 
260 |b Văn hoá - Thông tin 
260 |c 2007 
520 |a Cuốn sách cung cấp một số lượng lớn địa chỉ internet trong 85 lĩnh vực của đời sống xã hội như: Bưu điện, dịch vụ y tế, giáo dục, làm đẹp, bất động sản, xây dựng, kinh doanh... Bên cạnh đó, các trang web được tóm tắt nội dung chủ đạo và giới thiệu về trang web nhằm giúp bạn đọc tra cứu nhanh nhất các kiến thức, thông tin cần tìm. 
650 |a Internet addresses,Địa chỉ internet 
904 |i Duyên 
980 |a Trung tâm Học liệu Trường Đại học Cần Thơ